Statistics for Southern California: Largest Cities

Click here to take the quiz!

General Stats

  • This quiz has been taken 563 times
    (161 since last reset)
  • The average score is 28 of 56

Answer Stats

PopulationCountyCity% Correct
1,386,935SDSan Diego
99%
3,898,750LALos Angeles
98%
315,000RiversideRiverside
93%
346,824OrangeAnaheim
91%
466,745LALong Beach
88%
307,675OrangeIrvine
84%
139,915OrangeOrange
81%
403,460KernBakersfield
80%
310,230OrangeSanta Ana
80%
110,765VenturaVentura
72%
275,490SDChula Vista
71%
198,715OrangeHuntington Beach
71%
222,105SBSan Bernardino
71%
138,700LAPasadena
67%
228,675LASanta Clarita
64%
93,080LASanta Monica
64%
202,065VenturaOxnard
63%
174,070SDOceanside
60%
196,545LAGlendale
58%
107,340LABurbank
56%
208,635RiversideMoreno Valley
55%
157,140RiversideCorona
53%
175,270SBOntario
53%
208,395SBFontana
52%
95,745LACompton
51%
126,970VenturaThousand Oaks
50%
114,750SDCarlsbad
49%
151,715LAPomona
48%
173,520LALancaster
47%
174,455SBRancho Cucamonga
47%
147,070LATorrance
47%
143,620OrangeFullerton
46%
107,765LAInglewood
46%
169,455LAPalmdale
46%
151,040SDEscondido
43%
110,005RiversideTemecula
41%
134,815SBVictorville
40%
171,950OrangeGarden Grove
34%
126,360VenturaSimi Valley
34%
109,505LAWest Covina
33%
106,220SDEl Cajon
30%
109,455LAEl Monte
30%
114,360LADowney
29%
109,710Santa BarbaraSanta Maria
29%
111,920OrangeCosta Mesa
28%
102,775LANorwalk
27%
93,655OrangeMission Viejo
26%
95,560LACarson
24%
110,950RiversideMurrieta
24%
104,030SBRialto
21%
98,385SDVista
21%
99,820LAHesperia
19%
105,055RiversideJurupa Valley
18%
94,835SDSan Marcos
18%
102,530RiversideMenifee
17%
118,790*LAEast Los Angeles
11%

Score Distribution

Percentile by Number Answered

Percent of People with Each Score

Your Score History

You have not taken this quiz since the last reset